1646 1463 1717 1871 1671 1789 1934 1050 1279 1997 1545 1903 1581 1751 1161 1569 1757 1348 1001 1011 1375 1807 1540 1318 1845 1413 1724 1329 1002 1588 1807 1971 1188 1036 1537 1862 1848 1222 1527 1207 1856 1760 1936 1885 1168 1102 1629 1539 1392 1006 1624 1842 1537 1860 1604 1435 1688 1039 1283 1561 1396 1428 1737 1842 1543 1058 1717 1639 1965 1318 1566 1028 1948 1876 1992 1684 1101 1412 1078 1968 1102 1789 1927 1073 1926 1459 1144 1744 1554 1322 1057 1933 1117 1997 1600 1818 1990 1522 1032 BCNSPRNW ULIB Ver.6.0+V

เปลี่ยนเป็นภาษาไทย

Change to English
 แสดงรายละเอียดบรรณานุกรม
  กลับหน้าหลัก

Brief Record : Get Marc (ISO 2709) : E-mail record : QR code < ปิดหน้าต่าง
LEADER : 00000nam 2200000uu 4500
001    13399109499
003     ULIB
008    110403s2552||||th 000 0 tha d
020    9786115510290
060 04 WB143^bช639M 2552
245 00 Manual of medical diagnosis /^cบรรณาธิการ, ชุษณาสวนกระต่าย, กมล แก้วกิติณรงค์, กมลวรรณ จุติวรกุล
250    พิมพ์ครั้งที่ 1
260    กรุงเทพฯ :^bโรงพิมพ์แห่งจุฬาลงกรณ์มหาวิทยาลัย,^c2552
300    [30], 350 หน้า ;^c22 ซม.
440  0 โครงการตำราจุฬาอายุรศาสตร์
650  2 Diagnosis
650  2 Physical medicine
650  2 Symptomatology
650  7 การวินิจฉัยโรค
650  7 การแพทย์
650  7 การตรวจร่างกาย
650  7 อาการวิทยา
700 0  ชุษณา สวนกระต่าย,^eบรรณาธิการ
700 0  กมล แก้วกิติณรงค์ ,^eบรรณาธิการ
700 0  กมลวรรณ จุติวรกุล,^eบรรณาธิการ
710 2  จุฬาลงกรณ์มหาวิทยาลัย. ^bคณะแพทยศาสตร์.^bภาควิชาอายุรศาสตร์
945    ^p150^l0^i028873
945    ^p150^l0^i028722
945    ^p150^l0^i028677
945    ^p150^l0^i028306
945    ^p150^l0^i028305
945    ^p150^l0^i028304
945    ^p150^l0^i028303
945    ^p150^l0^i028301
945    ^p150^l0^i027027
945    ^p150^l0^i027026
945    ^p150^l0^i027025
945    ^p150^l0^i028307
945    ^p150^l0^i028302
945    ^p150^l0^i027024
995    ทศพร
999 ^a ใช้งานได้ทุกระบบ
รายการนี้ยังไม่มีแท็ก
คุณยังไม่ได้ล็อกอิน คุณสามารถมีกิจกรรมร่วมกับเว็บไซต์ได้ แต่ต้องล็อกอินก่อน ::
  ล็อกอิน

รายการสื่อสารสนเทศ

ลำดับที่ ประเภท เลขเรียก/บาร์โค้ด สถานที่ สถานะ
- ไม่พบข้อมูล -

รายการใกล้เคียง
    หัวเรื่อง [Diagnosis]
    หัวเรื่อง [Physical medicine]
    หัวเรื่อง [Symptomatology]
    หัวเรื่อง [การวินิจฉัยโรค]
    หัวเรื่อง [การแพทย์]
    หัวเรื่อง [การตรวจร่างกาย]
    หัวเรื่อง [อาการวิทยา]

BibComment


ยังไม่เคยถูกคอมเมนท์

คอมเมนท์ทรัพยากรรายการนี้
  คอมเมนท์: Manual of medical..


 Copyright 2026. Bcnsprnw @Library